000
00283nam a2200109Ia 4500
008
220204s9999 xx 000 0 und d
082
_a
678
_b
MEA
100
_a
Meares, Patrick
245
0
_a
Polymers: Structure and bulk properties
260
_a
London
_b
Van Nostrand
_c
1965
942
_c
BK
999
_c
23155
_d
23155